00341nam a2200145Ia 4500008004100000020001800041041000800059082001500067100001500082245004200097260001700139300000800156365001600164700001500180230718s9999 xx 000 0 und d a9780194574532 aeng a428.2bHOL aHollett V. aTech Talk Elementary : Student's Book c2014bOxford a127 cRs.b345.00 aHollett V.